Statistics for History True or False

Click here to take the quiz!

General Stats

  • This quiz has been taken 970 times
  • The average score is 13 of 20

Answer Stats

QuestionAnswer% Correct
Theodore Roosevelt created the U.S National Park SystemTrue
86%
The Eiffel Tower was once the tallest structure in the worldTrue
85%
The first complex civilization in the world appeared around IraqTrue
82%
Cleopatra was Egypt's only queenFalse
80%
The Protestant Reformation occurred in the 1500sTrue
79%
France colonized MadagascarTrue
77%
Humanity is believed to have begun in EthiopiaTrue
77%
World War I in fact killed more people than World War IIFalse
76%
The Mongol Empire was the first empire to successfully take over JapanFalse
76%
New Zealand was discovered by polynesians around 1200 ADTrue
72%
Mount Vesuvius has not erupted since it destroyed Pompeii in 79 AD.False
68%
The Roman Empire began in RomeTrue
68%
Minerva is the Roman version of the goddess AphroditeFalse
57%
Hinduism is the world's oldest known religionFalse
57%
The Black Death is the world's worst influenza outbreak in recorded historyFalse
56%
67 people are believed to have died in the Boston MassacreFalse
47%
James Watt invented the steam engineFalse
40%
The British Empire built the Suez CanalFalse
32%
Hungary was technically an Axis PowerFalse
21%
Communism never spread to South AmericaTrue
18%

Score Distribution

Percentile by Number Answered

Percent of People with Each Score

Your Score History

You have not taken this quiz